Al-Nassr FC Squad 2025-2026 - Statistics

General Stats
  • This quiz has been taken 32 times
    6 since last reset
  • The average score is 13 of 31
Answer Stats
# Position Nation Player % Correct
7 FW Portugal Cristiano Ronaldo
100%
21 FW France Kingsley Coman
100%
11 MF Croatia Marcelo Brozović
100%
10 FW Senegal Sadio Mané
100%
24 GK Brazil Bento
67%
79 FW Portugal João Félix
67%
3 DF France Mohamed Simakan
67%
5 DF Saudi Arabia Abdulelah Al-Amri
33%
9 FW Saudi Arabia Abdullah Al-Hamdan
33%
17 MF Saudi Arabia Abdullah Al-Khaibari
33%
29 FW Saudi Arabia Abdulrahman Ghareeb
33%
19 MF Saudi Arabia Ali Al-Hassan
33%
20 FW Brazil Ângelo
33%
70 DF Saudi Arabia Awad Aman
33%
23 FW Saudi Arabia Ayman Yahya
33%
77 FW Saudi Arabia Haroune Camara
33%
8 MF Iraq Haydeer Abdulkareem
33%
26 DF Spain Iñigo Martínez
33%
- Coach Portugal Jorge Jesus
33%
16 FW Saudi Arabia Mohammed Marran
33%
4 DF Saudi Arabia Nader Al-Sharari
33%
1 GK Saudi Arabia Nawaf Al-Aqidi
33%
12 DF Saudi Arabia Nawaf Al-Boushal
33%
36 GK Saudi Arabia Raghed Al-Najjar
33%
60 FW Saudi Arabia Saad Haqawi
33%
83 DF Saudi Arabia Salem Al-Najdi
33%
14 MF Saudi Arabia Sami Al-Najei
33%
2 DF Saudi Arabia Sultan Al-Ghannam
33%
80 FW Brazil Wesley
33%
58 MF Saudi Arabia Abdulmalik Al-Jaber
0%
96 DF Saudi Arabia Saad Al-Nasser
0%
No matching quizzes found
Score Distribution
Percent of People with Each Score
Percentile by Number Answered
Your Score History
You have not taken this quiz since the last reset